Indian Ocean Countries - Statistics

General Stats
  • This quiz has been taken 25 times
  • The average score is 18 of 21
Answer Stats
Answer % Correct
India
100%
Indonesia
95%
Myanmar
95%
Sri Lanka
95%
Australia
90%
Iran
90%
Thailand
90%
Bangladesh
86%
Kenya
86%
Mauritius
86%
Oman
86%
Pakistan
86%
Seychelles
86%
Somalia
86%
South Africa
86%
Yemen
86%
Comoros
81%
Madagascar
81%
Maldives
81%
Mozambique
81%
Tanzania
76%
No matching quizzes found
Score Distribution
Percent of People with Each Score
Percentile by Number Answered
Your Score History
You have not taken this quiz